Online
Catalog

La tierra natal / (Record no. 24350)

MARC details
000 -CABECERA
campo de control de longitud fija 00720nam a2200217 a 4500
001 - NÚMERO DE CONTROL
campo de control 000024857
005 - FECHA Y HORA DE LA ÚLTIMA TRANSACCIÓN
campo de control 20200930023418.0
008 - DATOS DE LONGITUD FIJA--INFORMACIÓN GENERAL
campo de control de longitud fija 110207s1966 mx r 000 0 spa d
040 ## - FUENTE DE LA CATALOGACIÓN
Centro catalogador/agencia de origen DO-SdBNP
Lengua de catalogación spa
Centro/agencia transcriptor BNPHU
082 ## - NÚMERO DE LA CLASIFICACIÓN DECIMAL DEWEY
Número de clasificación xxxxx
Número de documento/Ítem S819t
049 ## - FONDOS LOCALES (OCLC)
Fondos de biblioteca BNGR
100 1# - ENTRADA PRINCIPAL--NOMBRE DE PERSONA
Nombre de persona Stein, Gertrude
9 (RLIN) 51012
245 13 - MENCIÓN DE TÍTULO
Título La tierra natal /
Mención de responsabilidad, etc. Gertrude Stein ; traducción Luis Guillermo Piazza ; Introducción Gilbert A. Harrison.
260 ## - PUBLICACIÓN, DISTRIBUCIÓN, ETC.
Lugar de publicación, distribución, etc. México, D. F. :
Nombre del editor, distribuidor, etc. Organización Editorial Navaro,
Fecha de publicación, distribución, etc. 1966.
300 ## - DESCRIPCIÓN FÍSICA
Extensión 101 p. ;
Dimensiones 20.5 cm.
490 1# - MENCIÓN DE SERIE
Mención de serie Editorial Novaro ;
Designación de volumen o secuencia 5
534 ## - NOTA SOBRE LA VERSIÓN ORIGINAL
Mención de título del original America.
700 1# - PUNTO DE ACCESO ADICIONAL--NOMBRE DE PERSONA
Nombre de persona Piazza, Luis Guillermo,
Término indicativo de función/relación tr.
9 (RLIN) 12483
700 1# - PUNTO DE ACCESO ADICIONAL--NOMBRE DE PERSONA
Nombre de persona Harrison, Gilbert A.
9 (RLIN) 51013
830 #0 - PUNTO DE ACCESO ADICIONAL DE SERIE-TÍTULO UNIFORME
Título uniforme Editorial Novaro ;
Número de parte o sección de la obra 5
9 (RLIN) 51014
Holdings
Estado de retiro Estado de pérdida Restricciones de uso No para préstamo Código de colección Localización permanente Ubicación/localización actual Ubicación en estantería Fecha de adquisición Número de inventario Total de préstamos Signatura topográfica completa Código de barras Fecha visto por última vez Precio válido a partir de Tipo de ítem Koha
        Monografías: Libros y Folletos General General En catalogación 07.02.2011 LF1   xxxxx S819t 24857-10 25.06.2020 25.06.2020 Préstamo en sala

Powered by Koha